[Event "NED-ch06 email"]
[Site "Netherland email"]
[Date "2003.09.15"]
[Round "?"]
[White "Stuart, Antoon J"]
[Black "Koster, Piet JA"]
[Result "1/2-1/2"]
[WhiteElo "2344"]
[BlackElo "2200"]
[PlyCount "58"]
[EventDate "2003.09.15"]
[EventType "tourn (corr)"]
[EventRounds "12"]
[EventCountry "NED"]
[SourceTitle "Corr 2006"]
[Source "ChessBase"]
[SourceDate "2006.04.01"]
[SourceVersion "3"]
[SourceVersionDate "2006.04.01"]
[SourceQuality "1"]

1. e4 e5 2. Nf3 Nf6 3. Nxe5 d6 4. Nf3 Nxe4 5. d4 d5 6. Bd3 Nc6 7. 0-0 Bg4 8. Re1 Be7 9. c4 Nf6 10. cxd5 Bxf3 11. Qxf3 Qxd5 12. Qxd5 Nxd5 13. Nc3 0-0-0 14. Be4 Bb4 15. Bxd5 Rxd5 16. a3 Bxc3 17. bxc3 Rhd8 18. Bf4 Na5 19. Re7 R5d7 20. Ree1 b6 21. h4 Rd5 22. Rab1 Nc4 23. a4 c5 24. dxc5 Rxc5 25. Rb5 Rc6 26. Rb4 Nd6 27. g3 h5 28. a5 bxa5 29. Ra4 Nb7 1/2-1/2

[Event "NED-ch06 email"]
[Site "Netherland email"]
[Date "2003.09.15"]
[Round "?"]
[White "Tanis, C Kees"]
[Black "Stuart, Antoon J"]
[Result "0-1"]
[WhiteElo "2284"]
[BlackElo "2344"]
[PlyCount "124"]
[EventDate "2003.09.15"]
[EventType "tourn (corr)"]
[EventRounds "12"]
[EventCountry "NED"]
[SourceTitle "Corr 2006"]
[Source "ChessBase"]
[SourceDate "2006.04.01"]
[SourceVersion "3"]
[SourceVersionDate "2006.04.01"]
[SourceQuality "1"]

1. d4 Nf6 2. c4 e6 3. Nc3 Bb4 4. Nf3 b6 5. Qb3 Ba5 6. Bg5 Bb7 7. e3 d6 8. Bd3 h6 9. Bh4 g5 10. Bg3 Nbd7 11. 0-0-0 a6 12. Qa3 Bxc3 13. Qxc3 b5 14. Kb1 bxc4 15. Qxc4 Ne4 16. Qa4 Rb8 17. Rc1 h5 18. h4 Nxg3 19. fxg3 gxh4 20. gxh4 Ke7 21. Rhd1 c5 22. Ng5 Qb6 23. Rd2 Rhf8 24. Bc4 cxd4 25. exd4 Nf6 26. Qc2 Rbc8 27. Qd3 Bd5 28. Rdc2 Bxc4 29. Rxc4 Rxc4 30. Rxc4 Rb8 31. Rc2 Qb4 32. Qe3 Nd5 33. Qf2 f6 34. Nf3 Qb5 35. Ne1 Rg8 36. Rc1 Rg4 37. Ka1 Kd7 38. Nf3 Qd3 39. Ne1 Qxd4 40. Qc2 Qa4 41. Qc8+ Ke7 42. b3 Qb5 43. Qh8 Qe8 44. Qh7+ Qf7 45. Qc2 a5 46. Qc6 a4 47. Qb7+ Kf8 48. Qb8+ Kg7 49. Qxd6 axb3 50. axb3 Qa7+ 51. Kb2 Qd4+ 52. Ka3 Re4 53. Nf3 Qa7+ 54. Kb2 Re2+ 55. Rc2 Rxc2+ 56. Kxc2 Qa2+ 57. Kc1 Qxg2 58. Ne1 Qg4 59. Qh2 e5 60. Qf2 Kg6 61. Nc2 Nf4 62. Ne1 Qe2 0-1

[Event "NED-ch05 email"]
[Site "Netherland"]
[Date "2002.10.15"]
[Round "?"]
[White "De Waard, Jos AM"]
[Black "Stuart, Antoon J"]
[Result "0-1"]
[WhiteElo "2387"]
[BlackElo "2337"]
[PlyCount "66"]
[EventDate "2002.??.??"]
[EventType "tourn (corr)"]
[EventRounds "14"]
[EventCountry "NED"]
[SourceTitle "Corr 2006"]
[Source "ChessBase"]
[SourceDate "2006.04.01"]
[SourceVersion "3"]
[SourceVersionDate "2006.04.01"]
[SourceQuality "1"]

1. e4 c5 2. Nc3 Nc6 3. Nf3 e5 4. Bc4 Be7 5. d3 Nf6 6. g4 d6 7. h3 Be6 8. Bb3 Bxb3 9. axb3 0-0 10. Nd2 Nd4 11. Nf1 a6 12. Ne3 b5 13. h4 Ne6 14. g5 Ne8 15. Ncd5 N8c7 16. Bd2 Nxd5 17. Nxd5 b4 18. Be3 Nc7 19. Nxc7 Qxc7 20. Qf3 Qd7 21. Ke2 f5 22. exf5 d5 23. f6 gxf6 24. gxf6 Bxf6 25. Bxc5 Rf7 26. Bxb4 e4 27. Qg3+ Kh8 28. c3 Re8 29. Qh3 Qb5 30. Ra4 Bd8 31. Kd1 Rf3 32. c4 Qc6 33. Qf1 e3 0-1

[Event "NED-ch05 email"]
[Site "Netherland"]
[Date "2002.10.15"]
[Round "?"]
[White "Etmans, Maarten D"]
[Black "Stuart, Antoon J"]
[Result "1/2-1/2"]
[WhiteElo "1994"]
[BlackElo "2337"]
[PlyCount "35"]
[EventDate "2002.??.??"]
[EventType "tourn (corr)"]
[EventRounds "14"]
[EventCountry "NED"]
[SourceTitle "Corr 2006"]
[Source "ChessBase"]
[SourceDate "2006.04.01"]
[SourceVersion "3"]
[SourceVersionDate "2006.04.01"]
[SourceQuality "1"]

1. e4 c5 2. Nf3 Nc6 3. Bb5 Nd4 4. Nxd4 cxd4 5. 0-0 a6 6. Bc4 Nf6 7. Qf3 d6 8. c3 Bg4 9. Qd3 dxc3 10. dxc3 e6 11. Bf4 d5 12. exd5 Nxd5 13. Bxd5 Qxd5 14. Qxd5 exd5 15. Nd2 Kd7 16. Nb3 Be7 17. f3 Be6 18. Rfe1 1/2-1/2

[Event "NED-ch05 email"]
[Site "Netherland"]
[Date "2002.10.15"]
[Round "?"]
[White "Stuart, Antoon J"]
[Black "Boschma, Bouwe"]
[Result "1/2-1/2"]
[WhiteElo "2337"]
[BlackElo "2278"]
[PlyCount "74"]
[EventDate "2002.??.??"]
[EventType "tourn (corr)"]
[EventRounds "14"]
[EventCountry "NED"]
[SourceTitle "Corr 2006"]
[Source "ChessBase"]
[SourceDate "2006.04.01"]
[SourceVersion "3"]
[SourceVersionDate "2006.04.01"]
[SourceQuality "1"]

1. e4 c5 2. Nf3 Nc6 3. d4 cxd4 4. Nxd4 e5 5. Nb5 d6 6. Bc4 a6 7. N5c3 Nf6 8. Bg5 Be7 9. Bxf6 Bxf6 10. a4 0-0 11. 0-0 Bg5 12. Nd5 Kh8 13. Nbc3 f5 14. Bd3 f4 15. Be2 Nd4 16. f3 Be6 17. a5 Rc8 18. Bd3 Nc6 19. Nb6 Rb8 20. Ncd5 Nxa5 21. c3 Nc6 22. b4 Ne7 23. Bc4 Rf6 24. Qe2 Rh6 25. Rfb1 Nxd5 26. Nxd5 Qe8 27. b5 a5 28. Rxa5 Bd8 29. b6 Qh5 30. h3 Qg5 31. Qa2 Bxh3 32. Bf1 Rg6 33. Rb2 Qh4 34. Ra8 Bxg2 35. Rxg2 Rxg2+ 36. Bxg2 Qe1+ 37. Bf1 Qg3+ 1/2-1/2

[Event "NED-ch05 email"]
[Site "Netherland"]
[Date "2002.10.15"]
[Round "?"]
[White "Stuart, Antoon J"]
[Black "Geus, Jan Alan"]
[Result "1-0"]
[WhiteElo "2337"]
[BlackElo "2070"]
[PlyCount "39"]
[EventDate "2002.??.??"]
[EventType "tourn (corr)"]
[EventRounds "14"]
[EventCountry "NED"]
[SourceTitle "Corr 2006"]
[Source "ChessBase"]
[SourceDate "2006.04.01"]
[SourceVersion "3"]
[SourceVersionDate "2006.04.01"]
[SourceQuality "1"]

1. e4 c5 2. Nf3 Nc6 3. d4 cxd4 4. Nxd4 Nf6 5. Nc3 e6 6. Nxc6 bxc6 7. e5 Nd5 8. Ne4 Bb7 9. c4 Nb4 10. c5 Ba6 11. Bxa6 Nxa6 12. Qd4 Rb8 13. a3 Be7 14. 0-0 0-0 15. Rd1 Rb7 16. b4 f5 17. Nd6 Bxd6 18. Qxd6 Qh4 19. Qd3 Nb8 20. Bd2 1-0